William E. Donoghue's Guide to finding money to invest : Building a lifetime savings program with your hidden cash resources

Offers advice on how to find hidden cash resources and utilize them to create a lifetime savings plan.

Bewaard in:
Bibliografische gegevens
Hoofdauteur: Donoghue, William E.
Formaat: Boek
Taal:Undetermined
Gepubliceerd in: New York Harper & Row 1985
Onderwerpen:
Tags: Voeg label toe
Geen labels, Wees de eerste die dit record labelt!
Thư viện lưu trữ: Trung tâm Học liệu Trường Đại học Cần Thơ
LEADER 00895nam a2200253Ia 4500
001 CTU_222249
008 210402s9999 xx 000 0 und d
020 |c 1595 
082 |a 332.024 
082 |b D687 
100 |a Donoghue, William E. 
245 0 |a William E. Donoghue's Guide to finding money to invest : 
245 0 |b Building a lifetime savings program with your hidden cash resources 
245 0 |c William E. Donoghue 
260 |a New York 
260 |b Harper & Row 
260 |c 1985 
520 |a Offers advice on how to find hidden cash resources and utilize them to create a lifetime savings plan. 
650 |a Investments,Đầu tư 
650 |x Handbooks, manuals, etc.,Cẩm nang, sách hướng dẫn, v.v 
650 |z United States,Hoa Kỳ 
904 |i Kim Tuyến 
910 |a Qhieu 
980 |a Trung tâm Học liệu Trường Đại học Cần Thơ